[Event "Turin Piemonte op 8th"]
[Site "Turin"]
[Date "2008.09.19"]
[Round "1"]
[White "La Tessa, Domenico"]
[Black "Ottolini, Graziano"]
[Result "1/2-1/2"]
[WhiteElo "1589"]
[BlackElo "2060"]
[PlyCount "55"]
[EventDate "2008.09.19"]
[EventType "swiss"]
[EventRounds "6"]
[EventCountry "ITA"]
[SourceTitle "EXT 2011"]
[Source "ChessBase"]
[SourceDate "2010.11.26"]
[SourceVersion "1"]
[SourceVersionDate "2010.11.26"]
[SourceQuality "1"]

1. d4 d5 2. c4 c6 3. e3 Nf6 4. Nc3 e6 5. Nf3 Be7 6. Bd3 Nbd7 7. b3 0-0 8. Bb2 Re8 9. 0-0 Bd6 10. Qc2 h6 11. Rfd1 a6 12. Rac1 Qe7 13. e4 dxe4 14. Nxe4 Nxe4 15. Bxe4 Bf4 16. Rb1 Nf6 17. Bd3 Bd7 18. Ne5 Red8 19. Be2 Be8 20. g3 Bxe5 21. dxe5 Nd7 22. Rd2 Nf8 23. Rbd1 Ng6 24. Rd6 Rdc8 25. f4 Qc7 26. Bd3 Nh8 27. Ba3 Qa5 28. Bc1 1/2-1/2